Central Library OPAC University of Rajshahi

Dryden's essays / (Record no. 84928)

MARC details
000 -LEADER
fixed length control field 00709nam a2200253 a 4500
003 - CONTROL NUMBER IDENTIFIER
rucl marc code BD-RjUL
005 - DATE AND TIME OF LATEST TRANSACTION
control field 20250517161511.0
008 - FIXED-LENGTH DATA ELEMENTS--GENERAL INFORMATION
fixed length control field 250517s1963 nju b 000 p eng d
035 ## - SYSTEM CONTROL NUMBER
System control number (BD-RjUL)
040 ## - CATALOGING SOURCE
Original cataloging agency DLC
Transcribing agency DLC
Modifying agency m.c
-- EQO
-- BD-RjUL
Language of cataloging eng
041 ## - LANGUAGE CODE
Language code of text/sound track or separate title eng
082 ## - DEWEY DECIMAL CLASSIFICATION NUMBER
Classification number 821.4
Author mark and year HUD 1954
Edition number 23
245 10 - TITLE STATEMENT
Title Dryden's essays /
Statement of responsibility, etc. W.H. Hudson
260 ## - PUBLICATION, DISTRIBUTION, ETC. (IMPRINT)
Place of publication, distribution, etc. London :
Name of publisher, distributor, etc. J.M.Dent, ,
Date of publication, distribution, etc. c1954.
300 ## - PHYSICAL DESCRIPTION
Pagination 302 p. ;
Size 19 cm.
490 1# - SERIES STATEMENT
Series statement Twentieth century views
Series statement Spectrum book
504 ## - BIBLIOGRAPHY, ETC. NOTE
Bibliography, etc Bibliography: p. 186.
600 10 - SUBJECT ADDED ENTRY--PERSONAL NAME
Personal name Dryden, John,
Dates associated with a name 1631-1700.
700 1# - ADDED ENTRY--PERSONAL NAME
Personal name Hudson, W.H.
830 #0 - SERIES ADDED ENTRY--UNIFORM TITLE
Uniform title Twentieth century views
942 ## - ADDED ENTRY ELEMENTS (KOHA)
Source of classification or shelving scheme Dewey Decimal Classification
Koha item type Books
Holdings
Lost status Source of classification or shelving scheme Damaged status Not for loan Collection code Permanent Location Current Location Shelving location Date acquired Source of acquisition Total Checkouts Full call number Date last seen Copy number Koha item type
  Dewey Decimal Classification   Not For Loan Non-fiction Central Library, University of Rajshahi Central Library, University of Rajshahi Reading Room 19/09/1957 B.N   821.4 HUD 1954 17/05/2025 C-1 Books